[Event "Kadettallsvenskans final 2006"]
[Site "?"]
[Date "2006.08.18"]
[Round "1"]
[White "Zadruzny, Nicolaj"]
[Black "Revelj, Isak"]
[Result "1-0"]
[WhiteElo "2381"]
[BlackElo "1693"]
[PlyCount "69"]

1. e4 c5 2. Nf3 d6 3. d4 cxd4 4. Nxd4 Nf6 5. Nc3 Nc6 6. Bg5 e5 7. Ndb5 a6 8.
Na3 Be7 9. Nc4 Be6 10. Bxf6 gxf6 11. Ne3 Qa5 12. Be2 Nd4 13. O-O f5 14. exf5
Nxf5 15. Nxf5 Bxf5 16. Bf3 Rb8 17. Nd5 Rg8 18. Re1 Qc5 19. c3 Bh4 20. g3 Bxg3
21. hxg3 Rxg3+ 22. Bg2 Bh3 23. Ne3 Rg6 24. Qf3 Bd7 25. Rad1 Kf8 26. Rd5 Qb6 27.
Rd2 Kg8 28. c4 f5 29. Nxf5 Rf8 30. Ne7+ Kg7 31. Qe3 Qxe3 32. Rxe3 Rgf6 33. Bxb7
Kf7 34. Nd5 Rg6+ 35. Rg3 1-0

[Event "Kadettallsvenskans final 2006"]
[Site "?"]
[Date "2006.08.20"]
[Round "1"]
[White "Mossiaguine, Allan"]
[Black "Nikolic, Vladan"]
[Result "1/2-1/2"]
[WhiteElo "1650"]
[BlackElo "1987"]
[PlyCount "30"]

1. d4 e6 2. c4 f5 3. g4 fxg4 4. e4 d5 5. e5 Qh4 6. Be2 Bb4+ 7. Nc3 Ne7 8. Bxg4
O-O 9. Nh3 h6 10. Bf4 Ng6 11. Bg3 Qe7 12. Qd3 Nh4 13. Nf4 dxc4 14. Qe4 Bd7 15.
O-O Bxc3 1/2-1/2

[Event "Kadettallsvenskans final 2006"]
[Site "?"]
[Date "2006.08.18"]
[Round "1"]
[White "Berggren, Patrik"]
[Black "Gullberg, Daniel"]
[Result "0-1"]
[WhiteElo "1890"]
[BlackElo "1676"]
[PlyCount "110"]

1. e4 e6 2. d4 d5 3. e5 c5 4. Nf3 cxd4 5. Nxd4 Bc5 6. c3 Qh4 7. Bb5+ Bd7 8. O-O
a6 9. Be2 Nc6 10. Nf3 Qd8 11. Bf4 Nge7 12. Bd3 Ng6 13. Bg3 Rc8 14. h4 Ba7 15.
h5 Nge7 16. Nbd2 h6 17. Bh4 Qc7 18. Re1 Na5 19. Nd4 Nc4 20. Bxc4 dxc4 21. Qg4
Rg8 22. Ne4 Bc5 23. Bxe7 Bxe7 24. Nf6+ Bxf6 25. exf6 Kf8 26. fxg7+ Rxg7 27. Qe4
Bc6 28. Nxc6 Qxc6 29. Rad1 Qxe4 30. Rxe4 Ke7 31. Red4 Rc7 32. f3 Rg5 33. g4 Ra5
34. a3 Rac5 35. f4 b5 36. Rd8 e5 37. g5 exf4 38. R8d5 hxg5 39. Rd8 g4 40. h6
Rh5 41. Rh8 Rc6 42. Rd4 Rcxh6 43. Re4+ Kd6 44. Rxh6+ Rxh6 45. Rxf4 Ke6 46. Rxg4
Rg6 47. Rxg6+ fxg6 48. Kf2 Ke5 49. Kf3 Kf5 50. Ke3 g5 51. a4 bxa4 52. Kd4 g4
53. Kxc4 g3 54. Kb4 g2 55. Kxa4 g1=Q 0-1

[Event "Kadettallsvenskans final 2006"]
[Site "?"]
[Date "2006.08.18"]
[Round "1"]
[White "Thisner, Kalle"]
[Black "Alarik, Martin"]
[Result "0-1"]
[WhiteElo "1548"]
[BlackElo "1876"]
[PlyCount "74"]

1. e4 c5 2. Nf3 e6 3. d4 cxd4 4. Nxd4 a6 5. a3 Nf6 6. Nc3 Qc7 7. Be3 b5 8. Be2
Bb7 9. f3 b4 10. Nb1 bxa3 11. Nxa3 d5 12. exd5 Nxd5 13. Nc4 Nxe3 14. Nxe3 Bc5
15. c3 Qf4 16. Qd2 e5 17. Ndc2 O-O 18. Nc4 Qh4+ 19. g3 Qf6 20. O-O-O Nc6 21.
Rhf1 Rfd8 22. Bd3 Ne7 23. Qe2 Qh6+ 24. Kb1 f6 25. Na5 Bd5 26. Bxa6 Rd6 27. Nb7
Rdxa6 28. Rxd5 Nxd5 29. Nxc5 Rd6 30. Rd1 Rad8 31. Ne4 R6d7 32. Qc4 Kh8 33. Nb4
Nxc3+ 34. Nxc3 Rxd1+ 35. Nxd1 Rxd1+ 36. Ka2 Rd8 37. Qc7 Qd2 0-1

[Event "Kadettallsvenskans final 2006"]
[Site "?"]
[Date "2006.08.18"]
[Round "1"]
[White "Berggren, Jonatan"]
[Black "Hussain, Anton"]
[Result "1-0"]
[WhiteElo "1821"]
[BlackElo "1535"]
[PlyCount "85"]

1. e4 c5 2. Nc3 Nc6 3. Bb5 Nd4 4. Bc4 d6 5. d3 g6 6. Nge2 Bg7 7. O-O Nf6 8. f4
O-O 9. h3 a6 10. Bb3 b5 11. Nxd4 cxd4 12. Ne2 Nd7 13. c3 dxc3 14. bxc3 Bb7 15.
Be3 Rc8 16. Qd2 Qa5 17. Rac1 Nc5 18. Bd4 Bxd4+ 19. Nxd4 Qb6 20. Kh1 Nxb3 21.
Nxb3 f5 22. exf5 Rxf5 23. Nd4 Rf7 24. f5 g5 25. Ne6 h6 26. Rf2 Kh7 27. Rcf1 Bd5
28. Nd4 Rcf8 29. a3 Kg7 30. Nc2 Kh7 31. Ne3 Bb7 32. Ng4 Kg7 33. h4 Bc8 34. hxg5
Rxf5 35. Rxf5 Rxf5 36. gxh6+ Kg6 37. Rxf5 Bxf5 38. h7 Kxh7 39. Qh6+ Kg8 40.
Qg5+ Kf8 41. Qxf5+ Ke8 42. Qe6 Qc7 43. Nf6+ 1-0

[Event "Kadettallsvenskans final 2006"]
[Site "?"]
[Date "2006.08.18"]
[Round "1"]
[White "Eriksson, Martin"]
[Black "Hänninger, Simon"]
[Result "0-1"]
[WhiteElo "1533"]
[BlackElo "1812"]
[PlyCount "46"]

1. e4 c5 2. Nf3 d6 3. d4 cxd4 4. Nxd4 Nf6 5. Nc3 g6 6. Be3 Bg7 7. Bc4 O-O 8. f3
Nc6 9. Qd2 Bd7 10. O-O-O Rc8 11. Bb3 Nxd4 12. Bxd4 b5 13. Nd5 Nxd5 14. Bxg7
Kxg7 15. exd5 a5 16. Qd4+ Kg8 17. c3 b4 18. c4 Qc7 19. Rhe1 a4 20. Bc2 Qxc4 21.
Qxc4 Rxc4 22. Rxe7 Bf5 23. Rd2 b3 0-1

[Event "Kadettallsvenskans final 2006"]
[Site "?"]
[Date "2006.08.18"]
[Round "1"]
[White "Löfgren, Ragna"]
[Black "Agrest, Inna"]
[Result "1/2-1/2"]
[WhiteElo "1950"]
[BlackElo "2073"]
[PlyCount "92"]

1. c4 g6 2. g3 Bg7 3. Bg2 e5 4. Nc3 d6 5. e4 Ne7 6. Nge2 Nbc6 7. d3 O-O 8. O-O
Be6 9. Rb1 a5 10. a3 f5 11. b4 fxe4 12. Nxe4 axb4 13. axb4 Bg4 14. f3 Bc8 15.
Be3 Nf5 16. Bf2 Kh8 17. f4 exf4 18. Nxf4 Ncd4 19. Nd5 c6 20. Ne3 Ra2 21. Nxf5
Bxf5 22. Nc3 Ra3 23. Rc1 Nb3 24. Rb1 Nd2 25. Qxd2 Bxc3 26. Qc2 Bg7 27. Rb3 Qa8
28. Rfb1 Ra2 29. R3b2 Rxb2 30. Rxb2 Bxd3 31. Qxd3 Bxb2 32. Qxd6 Qa1+ 33. Bf1
Bg7 34. Qd7 Qf6 35. Qd2 h6 36. Kg2 Kh7 37. b5 cxb5 38. cxb5 Qe5 39. h3 Rf7 40.
Qe2 Qf5 41. Kg1 Be5 42. Qe3 Qf6 43. Kg2 Qd6 44. Bd3 Rd7 45. Be4 Rf7 46. Bf3 Bg7
1/2-1/2

[Event "Kadettallsvenskans final 2006"]
[Site "?"]
[Date "2006.08.18"]
[Round "1"]
[White "Sonnek, Torbern"]
[Black "Panas, Simo"]
[Result "1/2-1/2"]
[WhiteElo "1971"]
[BlackElo "1919"]
[PlyCount "62"]

1. d4 Nf6 2. c4 e6 3. Nf3 Bb4+ 4. Bd2 Qe7 5. Nc3 b6 6. e3 Bb7 7. Bd3 O-O 8. O-O
Bxc3 9. Bxc3 Ne4 10. Qc2 f5 11. Nd2 Ng5 12. f4 Nf7 13. e4 Nh6 14. Rae1 Qh4 15.
Re3 fxe4 16. Bxe4 Bxe4 17. Qxe4 Nc6 18. Rh3 Qe7 19. Nf3 Rf5 20. Rxh6 gxh6 21.
d5 Na5 22. b4 Nxc4 23. Qxc4 Rxd5 24. Qxc7 Qd6 25. Qxd6 Rxd6 26. Be5 Rd3 27. Rc1
d6 28. Bb2 Rf8 29. Kf2 Rxf4 30. Ke2 Rd5 31. Rc8+ Rf8 1/2-1/2

[Event "Kadettallsvenskans final 2006"]
[Site "?"]
[Date "2006.08.18"]
[Round "1"]
[White "Aira, Johannes"]
[Black "Apéria, Jakob"]
[Result "1/2-1/2"]
[WhiteElo "1603"]
[BlackElo "1758"]
[PlyCount "81"]

1. e4 c6 2. c4 d5 3. exd5 cxd5 4. cxd5 Nf6 5. Nc3 Nxd5 6. Bc4 Nb6 7. Bb3 Nc6 8.
Nge2 e5 9. O-O Bg4 10. f3 Bc5+ 11. d4 Nxd4 12. Bxf7+ Kf8 13. Nxd4 Bf5 14. Kh1
exd4 15. Ne4 Kxf7 16. Nxc5 Qd5 17. Ne4 h6 18. Bf4 Kg6 19. Qe1 Kh7 20. Qh4 Bxe4
21. fxe4 Qxe4 22. Rae1 Qg6 23. Rf3 Rae8 24. Ref1 Nd5 25. Bd2 Re2 26. Rg3 Rf8
27. Rg1 Re4 28. Rxg6 Rxh4 29. Rd6 Nb6 30. b3 Rc8 31. Rc1 Rxc1+ 32. Bxc1 Re4 33.
Bd2 Kg8 34. h3 Kf7 35. Kh2 Ke7 36. Bb4 Kf7 37. Bc5 Re6 38. Rxe6 Kxe6 39. Bxd4
g6 40. Kg3 Nc8 41. Kf4 1/2-1/2

[Event "Kadettallsvenskans final 2006"]
[Site "?"]
[Date "2006.08.18"]
[Round "1"]
[White "Trost, Martin"]
[Black "Hansson, Johan"]
[Result "0-1"]
[WhiteElo "1663"]
[BlackElo "1526"]
[PlyCount "78"]

1. e4 c5 2. Nf3 d6 3. d4 cxd4 4. Nxd4 Nf6 5. Nc3 g6 6. Bc4 Bg7 7. O-O O-O 8.
Re1 Nc6 9. Nb3 Ne5 10. Bf1 Be6 11. Bg5 Rc8 12. Nd5 Nxd5 13. exd5 Bf5 14. c3 h6
15. Bh4 g5 16. Bg3 Nc4 17. Bxc4 Rxc4 18. Nd2 Rc5 19. Nf1 Re8 20. Ne3 Bg6 21. h4
f5 22. hxg5 hxg5 23. f4 Qb6 24. Qd2 Rb5 25. Rab1 Rc8 26. Bf2 Bxc3 27. Qxc3 Rxc3
28. Nd1 Rcc5 29. Rxe7 Qd8 30. Bxc5 Qxe7 31. Bf2 gxf4 32. a3 Kf7 33. b4 Rxd5 34.
Nc3 Rd3 35. Re1 Qd7 36. Nd1 f3 37. g3 f4 38. gxf4 Qg4+ 39. Kf1 Qg2# 0-1

[Event "Kadettallsvenskans final 2006"]
[Site "?"]
[Date "2006.08.18"]
[Round "1"]
[White "Vas, Victor"]
[Black "Hammam, Timour"]
[Result "1-0"]
[WhiteElo "1507"]
[BlackElo "1583"]
[PlyCount "93"]

1. e4 c5 2. Nf3 e6 3. d4 cxd4 4. Nxd4 a6 5. c4 Qc7 6. Nc3 Nf6 7. f3 Bb4 8. Bd2
Nc6 9. Nxc6 bxc6 10. a3 Be7 11. Be3 d6 12. Be2 Bb7 13. Na4 Nd7 14. Qc2 O-O 15.
O-O Rfc8 16. Rac1 Bd8 17. Rfd1 d5 18. b4 a5 19. Nc5 axb4 20. axb4 Rcb8 21. Nxd7
Qxd7 22. exd5 cxd5 23. Qd2 Be7 24. b5 Bc8 25. cxd5 exd5 26. Qxd5 Qxd5 27. Rxd5
Be6 28. Rdd1 h6 29. Bc5 Ra2 30. Bf1 Bf6 31. Bd6 Rb7 32. Rc7 Rb6 33. Bc5 Rb8 34.
b6 Be5 35. Bd6 Bxd6 36. Rxd6 Rb2 37. Rcc6 Ra8 38. Rc7 Rb8 39. Rcc6 Ra8 40. h3
Bf5 41. Rc5 Be6 42. Rb5 Rxb5 43. Bxb5 Rb8 44. Ba6 Kf8 45. b7 Ke7 46. Rc6 Kd8
47. Kf2 1-0

[Event "Kadettallsvenskans final 2006"]
[Site "?"]
[Date "2006.08.18"]
[Round "1"]
[White "Ismailov, Alexander"]
[Black "Andiné, Julius"]
[Result "1/2-1/2"]
[WhiteElo "1502"]
[BlackElo "1444"]
[PlyCount "94"]

1. e4 c5 2. Nf3 d6 3. d4 cxd4 4. Nxd4 Nf6 5. Nc3 g6 6. Be3 Bg7 7. f3 O-O 8. Qd2
Nc6 9. O-O-O d5 10. Nxc6 bxc6 11. exd5 cxd5 12. Bd4 e6 13. g4 Qa5 14. g5 Nh5
15. Bxg7 Nxg7 16. Kb1 Qb6 17. Qd4 Qxd4 18. Rxd4 Bd7 19. Rb4 Rfb8 20. Rxb8+ Rxb8
21. a3 f5 22. Bd3 Nh5 23. Re1 Nf4 24. Bf1 Kf7 25. b3 Bc6 26. Ne2 Nxe2 27. Bxe2
e5 28. f4 e4 29. Rd1 h6 30. h4 hxg5 31. hxg5 Rh8 32. c4 Ke6 33. b4 Rh2 34. b5
Ba8 35. Rd2 d4 36. Kc1 d3 37. Bxd3 Rxd2 38. Kxd2 exd3 39. Kxd3 Kd6 40. Kd4 Be4
41. c5+ Kc7 42. a4 Bf3 43. Ke5 Bd1 44. a5 Be2 45. b6+ axb6 46. cxb6+ Kb7 47.
Kf6 Bh5 1/2-1/2

[Event "Kadettallsvenskans final 2006"]
[Site "?"]
[Date "2006.08.18"]
[Round "1"]
[White "Johansson, Olle"]
[Black "Rosberg, Simon"]
[Result "0-1"]
[WhiteElo "1828"]
[BlackElo "2227"]
[PlyCount "72"]

1. d4 Nf6 2. c4 e6 3. Nc3 Bb4 4. Nf3 b6 5. Qc2 Bb7 6. e3 Ne4 7. Bd3 Bxc3+ 8.
bxc3 f5 9. Ba3 d6 10. d5 exd5 11. Nd4 dxc4 12. Bxc4 d5 13. Bd3 c5 14. Bb5+ Kf7
15. Nxf5 Qf6 16. f3 Qxc3+ 17. Qxc3 Nxc3 18. Bd3 Ba6 19. Bc2 Nc6 20. Bb2 Nb4 21.
Kd2 Nxc2 22. Kxc2 Na4 23. Be5 Ke6 24. Bxg7 Kxf5 25. Bxh8 Rxh8 26. Rad1 Ke5 27.
Rhe1 Bc4 28. g3 b5 29. a3 a5 30. e4 d4 31. f4+ Ke6 32. g4 b4 33. axb4 axb4 34.
Ra1 b3+ 35. Kd2 Bb5 36. Reb1 c4 0-1

[Event "Kadettallsvenskans final 2006"]
[Site "?"]
[Date "2006.08.18"]
[Round "1"]
[White "Wickström, Lucas"]
[Black "Löfgren, Pontus"]
[Result "1-0"]
[WhiteElo "1889"]
[BlackElo "1756"]
[PlyCount "67"]

1. d4 Nf6 2. c4 c5 3. d5 b5 4. cxb5 a6 5. bxa6 Bxa6 6. Nc3 d6 7. g3 g6 8. Bg2
Bg7 9. Nh3 O-O 10. Nf4 Nbd7 11. h4 h5 12. O-O Rb8 13. Qc2 Ne5 14. Be4 Nxe4 15.
Nxe4 Bc8 16. Nd2 Bf5 17. e4 Bc8 18. Nc4 Nf3+ 19. Kg2 Nd4 20. Qd3 Ba6 21. Rb1
Qc7 22. Bd2 Bxc4 23. Qxc4 Nb5 24. a4 Nd4 25. b4 Qa7 26. b5 Ra8 27. a5 Rfb8 28.
Ne2 Qb7 29. Nxd4 Bxd4 30. Rb3 Bg7 31. Rfb1 Qd7 32. a6 e6 33. b6 exd5 34. exd5
1-0

[Event "Kadettallsvenskans final 2006"]
[Site "?"]
[Date "2006.08.18"]
[Round "1"]
[White "Nyman, Johan"]
[Black "Johansson, Tim"]
[Result "1/2-1/2"]
[WhiteElo "1556"]
[BlackElo "1819"]
[PlyCount "130"]

1. e4 c5 2. Nf3 d6 3. d4 cxd4 4. Nxd4 Nf6 5. Nc3 a6 6. Bg5 e6 7. f4 h6 8. Bh4
Nc6 9. Qd2 Nxe4 10. Nxe4 Qxh4+ 11. g3 Qd8 12. Bg2 d5 13. Nf2 Qb6 14. c3 Nxd4
15. Qxd4 Qxd4 16. cxd4 Bb4+ 17. Kd1 Bd7 18. Nd3 Ba5 19. b4 Bb6 20. Nc5 Bb5 21.
a4 Bc4 22. Bf1 Ke7 23. Kd2 a5 24. Bxc4 dxc4 25. Kc3 axb4+ 26. Kxb4 Bxc5+ 27.
Kxc5 Rhc8+ 28. Kb4 Ra6 29. Kc3 Rac6 30. Rab1 R8c7 31. Rb5 Kd7 32. Rhb1 Kc8 33.
R5b4 f6 34. h4 g5 35. hxg5 hxg5 36. fxg5 Rg7 37. gxf6 Rxg3+ 38. Kc2 Rc7 39. Rf1
Rg2+ 40. Kc3 Rg3+ 41. Kc2 Rf7 42. Rxc4+ Kb8 43. Rc3 Rg4 44. Rd3 Kc7 45. Kc3 Kc6
46. Re3 Kd5 47. Re5+ Kd6 48. Re3 Rg6 49. Ref3 Kd5 50. Rf4 Rg3+ 51. R4f3 Rg8 52.
Kd3 Ra8 53. Ra1 Ra5 54. Rb1 Rxa4 55. Rb5+ Kc6 56. Rc5+ Kd6 57. Ke4 b6 58. Rb5
Kc6 59. Rfb3 Rxf6 60. Rxb6+ Kc7 61. Rb7+ Kc8 62. Rb8+ Kc7 63. R3b7+ Kc6 64.
Rb6+ Kc7 65. R6b7+ Kc6 1/2-1/2

[Event "Kadettallsvenskans final 2006"]
[Site "?"]
[Date "2006.08.18"]
[Round "1"]
[White "Lönnemark, Lena"]
[Black "Nyman, Viktor"]
[Result "0-1"]
[WhiteElo "1672"]
[BlackElo "1549"]
[PlyCount "74"]

1. e4 c5 2. Nf3 Nc6 3. d4 cxd4 4. Nxd4 Nf6 5. Nc3 e5 6. Ndb5 d6 7. Bg5 a6 8.
Na3 b5 9. Bxf6 gxf6 10. Nd5 Bg7 11. c3 f5 12. Bd3 Be6 13. Nc2 Bxd5 14. exd5 Ne7
15. Be2 O-O 16. O-O Ng6 17. Qd2 Nf4 18. g3 Qg5 19. Kh1 Bh6 20. gxf4 Qh4 21.
Rg1+ Kh8 22. Rg2 Bxf4 23. Qe1 Rg8 24. f3 Qh6 25. Qf2 Rxg2 26. Kxg2 Qxh2+ 27.
Kf1 Qh1+ 28. Qg1 Qh3+ 29. Qg2 Qh4 30. Bd3 Rg8 31. Qf2 Qh3+ 32. Ke2 Rg2 33. Rg1
Rxf2+ 34. Kxf2 Qh2+ 35. Rg2 Bg3+ 36. Kf1 Qh1+ 37. Rg1 Qxf3# 0-1

[Event "Kadettallsvenskans final 2006"]
[Site "?"]
[Date "2006.08.18"]
[Round "1"]
[White "Kotronia, Andoria"]
[Black "Brengdahl, Martin"]
[Result "1/2-1/2"]
[WhiteElo "1511"]
[BlackElo "1427"]
[PlyCount "99"]

1. e4 c5 2. Nf3 Nc6 3. d4 cxd4 4. Nxd4 g6 5. c4 Bg7 6. Be3 Nf6 7. Nc3 O-O 8.
Be2 e6 9. Ndb5 d5 10. cxd5 exd5 11. exd5 Ne7 12. Bc5 Re8 13. d6 Nf5 14. Nc7 Re5
15. Nxa8 Rxc5 16. Nc7 Qxd6 17. Qxd6 Nxd6 18. N7b5 Nxb5 19. Nxb5 a6 20. Nd6 Nd5
21. Rd1 Nf4 22. Bf3 b5 23. Nxc8 Rxc8 24. O-O Bxb2 25. g3 Ne6 26. Rd2 Bf6 27.
Rfd1 a5 28. Bg4 Re8 29. Re2 Nc7 30. Rxe8+ Nxe8 31. Rd7 Kg7 32. Ra7 Bc3 33. Bd7
Nd6 34. Kf1 a4 35. Ra6 Bb4 36. Bxb5 Nxb5 37. Rb6 Nc3 38. Rxb4 Nxa2 39. Rxa4 Nc3
40. Ra6 Ne4 41. Ke2 Nf6 42. Kf3 h5 43. h3 Nh7 44. Kf4 Nf8 45. Kg5 Ne6+ 46. Rxe6
fxe6 47. g4 hxg4 48. hxg4 e5 49. f3 Kf7 50. Kh6 1/2-1/2

[Event "Kadettallsvenskans final 2006"]
[Site "?"]
[Date "2006.08.18"]
[Round "1"]
[White "Åström, Linda"]
[Black "Skoog, Filip"]
[Result "1-0"]
[WhiteElo "1330"]
[BlackElo "1348"]
[PlyCount "59"]

1. e4 e5 2. Nf3 Nc6 3. Bc4 Be7 4. Nc3 Nf6 5. d3 d6 6. h3 O-O 7. O-O Be6 8. Bb3
Qd7 9. Be3 Nb4 10. Qd2 c6 11. d4 exd4 12. Nxd4 d5 13. a3 Na6 14. Nxe6 fxe6 15.
e5 Ne8 16. Ne2 Nec7 17. Ng3 Nc5 18. Qd4 Qe8 19. Qg4 Qf7 20. Nh5 Nd7 21. f4 Ne8
22. Ng3 Bc5 23. Bxc5 Nxc5 24. f5 exf5 25. Nxf5 Qe6 26. Rf3 Ne4 27. Raf1 Kh8 28.
Nd4 Rxf3 29. Nxe6 Rxf1+ 30. Kxf1 1-0

[Event "Kadettallsvenskans final 2006"]
[Site "?"]
[Date "2006.08.18"]
[Round "2"]
[White "Löfgren, Ragna"]
[Black "Zadruzny, Nicolaj"]
[Result "0-1"]
[WhiteElo "1950"]
[BlackElo "2381"]
[PlyCount "78"]

1. c4 Nf6 2. g3 e5 3. Bg2 d5 4. cxd5 Nxd5 5. Nc3 Nb6 6. Nf3 Nc6 7. d3 Be7 8.
O-O O-O 9. a3 Re8 10. Be3 Bf8 11. Rc1 Nd4 12. Bxd4 exd4 13. Ne4 g6 14. Qc2 c6
15. Rfe1 h6 16. Nc5 Bg7 17. Nd2 Rb8 18. Nc4 Nd5 19. Ne4 Be6 20. e3 dxe3 21.
fxe3 Nb6 22. b3 Bd5 23. Ned6 Re7 24. d4 Bxg2 25. Qxg2 Nd5 26. Ne4 b5 27. Ncd2
f5 28. Nf2 Rxe3 29. Rxe3 Nxe3 30. Qxc6 Rb6 31. Qc8 Qxc8 32. Rxc8+ Kh7 33. Rc7
Ra6 34. Nb1 Kg8 35. Rd7 Rc6 36. Nd3 Rc2 37. Rxa7 Bxd4 38. Ra8+ Kf7 39. Kh1 Ra2
0-1

[Event "Kadettallsvenskans final 2006"]
[Site "?"]
[Date "2006.08.18"]
[Round "2"]
[White "Nikolic, Vladan"]
[Black "Panas, Simo"]
[Result "1-0"]
[WhiteElo "1987"]
[BlackElo "1919"]
[PlyCount "75"]

1. e4 c5 2. Nf3 d6 3. d4 cxd4 4. Nxd4 Nf6 5. Nc3 g6 6. g3 Bg7 7. Bg2 O-O 8. O-O
Nc6 9. Nde2 Be6 10. Nd5 Bxd5 11. exd5 Ne5 12. Nd4 Qb6 13. b3 Rac8 14. h3 Ned7
15. Be3 Qd8 16. c4 Nc5 17. Rc1 Qd7 18. b4 e5 19. Nb5 Na6 20. Qb3 Nh5 21. Bxa7
f5 22. f4 exf4 23. gxf4 Bh6 24. Be3 Ng3 25. Rfe1 Nh5 26. Nxd6 Qxd6 27. c5 Qf6
28. d6+ Kh8 29. Bxb7 Bxf4 30. Bxf4 Nxf4 31. Qc3 Qxc3 32. Rxc3 Nxb4 33. Bxc8
Rxc8 34. d7 Rg8 35. c6 Nxh3+ 36. Rxh3 Nxc6 37. Rc3 Nb8 38. Rc7 1-0

[Event "Kadettallsvenskans final 2006"]
[Site "?"]
[Date "2006.08.18"]
[Round "2"]
[White "Heino, Alexander"]
[Black "Berggren, Patrik"]
[Result "1-0"]
[WhiteElo "1583"]
[BlackElo "1890"]
[PlyCount "53"]

1. e4 c5 2. Nf3 d6 3. d4 cxd4 4. Nxd4 Nf6 5. Nc3 g6 6. Be3 Bg7 7. f3 Nc6 8. Qd2
O-O 9. O-O-O d5 10. Qe1 Nxd4 11. Bxd4 e6 12. exd5 exd5 13. g4 Be6 14. h4 Qa5
15. h5 Rfe8 16. hxg6 hxg6 17. Qh4 Qd8 18. Bb5 Nd7 19. Qh7+ Kf8 20. Bxg7+ Ke7
21. Qh4+ f6 22. Bxd7 Kxd7 23. Bxf6 Qa5 24. Qh7+ Kc6 25. Qxg6 Kc7 26. Rh7+ Kc8
27. Qxe8+ 1-0

[Event "Kadettallsvenskans final 2006"]
[Site "?"]
[Date "2006.08.18"]
[Round "2"]
[White "Alarik, Martin"]
[Black "Hansson, Johan"]
[Result "1-0"]
[WhiteElo "1876"]
[BlackElo "1526"]
[PlyCount "61"]

1. e4 c5 2. Nf3 d6 3. Bb5+ Bd7 4. Bxd7+ Qxd7 5. O-O g6 6. c3 Bg7 7. d4 cxd4 8.
cxd4 Nc6 9. Nc3 e5 10. Be3 exd4 11. Nxd4 Nxd4 12. Bxd4 Nf6 13. Nd5 Qd8 14. Qf3
Nh5 15. Bxg7 Nxg7 16. Nf6+ Kf8 17. Rad1 Rc8 18. e5 Rc6 19. exd6 Nf5 20. Ne4 Kg7
21. d7 Qe7 22. Rfe1 Qb4 23. a3 Qa5 24. b4 Qc7 25. Nc5 Rd8 26. Qc3+ Kh6 27. Qc1+
Kg7 28. Qb2+ Kh6 29. Re8 Rd6 30. Rxd6 Nxd6 31. Rxd8 1-0

[Event "Kadettallsvenskans final 2006"]
[Site "?"]
[Date "2006.08.18"]
[Round "2"]
[White "Vas, Victor"]
[Black "Berggren, Jonatan"]
[Result "1/2-1/2"]
[WhiteElo "1507"]
[BlackElo "1821"]
[PlyCount "104"]

1. e4 c5 2. Nf3 e6 3. d4 cxd4 4. Nxd4 a6 5. c4 Nf6 6. f3 Qc7 7. Nc3 Nc6 8. Be3
d6 9. Qd2 Bd7 10. Be2 g6 11. b3 Bg7 12. O-O O-O 13. Rfd1 Rfd8 14. Rac1 b6 15.
Nxc6 Bxc6 16. Kh1 Rac8 17. Bf1 Qb7 18. Qf2 Rb8 19. Bf4 Ne8 20. Rd3 Rd7 21. Rcd1
Rbd8 22. Qd2 b5 23. cxb5 axb5 24. b4 Qa8 25. Be3 Nc7 26. Bd4 Bxd4 27. Rxd4 e5
28. Rd3 d5 29. exd5 Nxd5 30. Nxd5 Rxd5 31. Qb2 Rxd3 32. Rxd3 Rxd3 33. Bxd3 Qd8
34. Qc3 Qd6 35. Kg1 Bd7 36. Kf2 Qd5 37. a3 Qa2+ 38. Kg3 Qd5 39. Kf2 h5 40. Ke3
Qa2 41. Qxe5 Qxa3 42. Qc5 Qa1 43. Kf4 Qh1 44. Bxb5 Qxh2+ 45. Ke4 Bxb5 46. Qxb5
Qxg2 47. Qe8+ Kg7 48. Qe5+ Kh7 49. b5 Qe2+ 50. Kf4 Qh2+ 51. Ke4 Qe2+ 52. Kf4
Qh2+ 1/2-1/2

[Event "Kadettallsvenskans final 2006"]
[Site "?"]
[Date "2006.08.18"]
[Round "2"]
[White "Hänninger, Simon"]
[Black "Andiné, Julius"]
[Result "1-0"]
[WhiteElo "1812"]
[BlackElo "1444"]
[PlyCount "46"]

1. e4 c5 2. Nc3 d6 3. g3 g6 4. Bg2 Bg7 5. d3 Nc6 6. Be3 a6 7. a4 Rb8 8. Nge2
Nd4 9. h3 b5 10. axb5 axb5 11. Qd2 b4 12. Nd1 Nxe2 13. Qxe2 Bb7 14. O-O Ra8 15.
Rxa8 Qxa8 16. f4 Nf6 17. e5 dxe5 18. Bxb7 Qxb7 19. fxe5 Nh5 20. Qf2 Bxe5 21.
Qxf7+ Kd7 22. Bxc5 Re8 23. Re1 Qd5 1-0

[Event "Kadettallsvenskans final 2006"]
[Site "?"]
[Date "2006.08.18"]
[Round "2"]
[White "Rosberg, Simon"]
[Black "Revelj, Isak"]
[Result "1-0"]
[WhiteElo "2227"]
[BlackElo "1693"]
[PlyCount "85"]

1. d4 Nf6 2. c4 e6 3. Nf3 d5 4. Nc3 Nbd7 5. cxd5 exd5 6. Bg5 c6 7. e3 Bb4 8.
Qc2 O-O 9. Bd3 h6 10. Bh4 Qa5 11. O-O Re8 12. Ne2 Bd6 13. Bg3 Qc7 14. b4 Ne4
15. Bxe4 Rxe4 16. Nc3 Bxg3 17. hxg3 Re8 18. Nxd5 Qd6 19. Nf4 Qxb4 20. d5 Qd6
21. dxc6 bxc6 22. Rfd1 Qf6 23. Rac1 Ne5 24. Nxe5 Qxe5 25. Qxc6 Bg4 26. Rd5 Qb2
27. Qc2 Qa3 28. Rd3 Qa6 29. Rc3 Be6 30. Rc6 Qa5 31. Nxe6 fxe6 32. Qc4 Qf5 33.
e4 Qe5 34. f4 Qb2 35. Rxe6 Rxe6 36. Qxe6+ Kh8 37. Rc8+ Rxc8 38. Qxc8+ Kh7 39.
Qf5+ Kh8 40. e5 Qxa2 41. e6 Qa3 42. Kh2 Qe7 43. Qf7 1-0

[Event "Kadettallsvenskans final 2006"]
[Site "?"]
[Date "2006.08.18"]
[Round "2"]
[White "Mossiaguine, Allan"]
[Black "Wickström, Lucas"]
[Result "0-1"]
[WhiteElo "1650"]
[BlackElo "1889"]
[PlyCount "28"]

1. d4 f5 2. c4 Nf6 3. Nc3 d6 4. Nf3 g6 5. g3 Bg7 6. Bg5 Nbd7 7. Bg2 O-O 8. O-O
h6 9. c5 Ne4 10. Qb3+ Kh7 11. Nxe4 fxe4 12. cxd6 cxd6 13. Qe6 exf3 14. Bxe7
fxg2 0-1

[Event "Kadettallsvenskans final 2006"]
[Site "?"]
[Date "2006.08.18"]
[Round "2"]
[White "Johansson, Tim"]
[Black "Gullberg, Daniel"]
[Result "1-0"]
[WhiteElo "1819"]
[BlackElo "1646"]
[PlyCount "53"]

1. d4 e6 2. e4 d5 3. Nd2 Nf6 4. e5 Nfd7 5. Ngf3 c5 6. c3 Nc6 7. Bd3 Qb6 8. O-O
cxd4 9. cxd4 Nxd4 10. Nxd4 Qxd4 11. Nf3 Qb6 12. Qa4 Qb4 13. Qc2 h6 14. Bd2 Qc5
15. Qa4 b5 16. Bxb5 Rb8 17. Rac1 Qxb5 18. Rxc8+ Ke7 19. Qa3+ Nc5 20. Rxc5 Qxb2
21. Qxb2 Rxb2 22. Rfc1 f6 23. Rc7+ Ke8 24. Rxa7 Be7 25. Rc8+ Bd8 26. Ba5 Rb1+
27. Ne1 1-0

[Event "Kadettallsvenskans final 2006"]
[Site "?"]
[Date "2006.08.18"]
[Round "2"]
[White "Thisner, Kalle"]
[Black "Lönnemark, Lena"]
[Result "1-0"]
[WhiteElo "1548"]
[BlackElo "1672"]
[PlyCount "105"]

1. e4 e5 2. Nf3 Nc6 3. Bb5 a6 4. Ba4 Nf6 5. O-O Be7 6. Re1 b5 7. Bb3 d6 8. c3
O-O 9. d4 Bg4 10. d5 Na5 11. Bc2 Qd7 12. Be3 c6 13. dxc6 Qxc6 14. Nbd2 Rac8 15.
Bd3 Nb7 16. a4 Nd7 17. axb5 axb5 18. Qb3 Nbc5 19. Qxb5 Qxb5 20. Bxb5 Rb8 21.
Bxd7 Nxd7 22. Reb1 f5 23. Bg5 Bxg5 24. Nxg5 h6 25. Ne6 Rf6 26. Nc7 Nc5 27. f3
Bh5 28. Nd5 Rf7 29. exf5 Rfb7 30. b4 Nd3 31. Ra6 Rd8 32. Nc4 Bf7 33. Ncb6 Nf4
34. Rd1 Nh5 35. Nc4 Bxd5 36. Rxd5 Rc7 37. Nxe5 Rxc3 38. Nd3 Rb3 39. Raxd6 Rxd6
40. Rxd6 Kf7 41. Rd5 Nf6 42. Ne5+ Ke7 43. Nc6+ Kf7 44. Ra5 Nd7 45. Ra7 Ke8 46.
Rb7 Rb2 47. Rb5 Rb1+ 48. Kf2 Rb2+ 49. Kg3 h5 50. Nd4 h4+ 51. Kh3 Kd8 52. Ne6+
Ke7 53. Nc5 1-0

[Event "Kadettallsvenskans final 2006"]
[Site "?"]
[Date "2006.08.18"]
[Round "2"]
[White "Brengdahl, Martin"]
[Black "Hussain, Anton"]
[Result "0-1"]
[WhiteElo "1427"]
[BlackElo "1535"]
[PlyCount "114"]

1. e4 c5 2. Nf3 e6 3. d4 cxd4 4. Nxd4 a6 5. Nc3 Qc7 6. Bd3 Nf6 7. Be3 Bb4 8.
Qd2 d5 9. O-O Bxc3 10. Qxc3 Qxc3 11. bxc3 dxe4 12. Be2 Nd5 13. Bd2 e5 14. Nb3
O-O 15. c4 Nf6 16. Rfe1 Nc6 17. c3 Be6 18. Nc5 Bc8 19. Bd1 h6 20. Nxe4 Nxe4 21.
Rxe4 Bf5 22. Re1 Rfd8 23. Bc1 Na5 24. h3 Be6 25. Bf3 f6 26. c5 Rac8 27. Be3 Rd3
28. Reb1 Rc7 29. Rb6 Kf7 30. Rab1 Bd5 31. Bxd5+ Rxd5 32. Rd6 Rxd6 33. cxd6 Rd7
34. Bc5 Nc4 35. Rb4 Na5 36. Rb1 Ke6 37. g4 Nc4 38. Kg2 Nxd6 39. Bxd6 Kxd6 40.
Rd1+ Kc6 41. Rxd7 Kxd7 42. Kf3 Kd6 43. Ke4 Ke6 44. f4 g6 45. fxe5 fxe5 46. c4
b6 47. h4 h5 48. g5 Kd6 49. Kd3 b5 50. cxb5 axb5 51. Ke4 b4 52. Kd3 Kd5 53. Ke3
e4 54. Ke2 Kd4 55. Kd2 e3+ 56. Ke2 Ke4 57. Ke1 Kd3 0-1